Campeones de la Liga Europa de la UEFA - ¡Muerte súbita! - Estadísticas

Estadísticas generales
  • Esta prueba ha sido intentada 5.510 veces
    1.384 desde el último reinicio
  • La puntuación promedio es 5 de 30
Answers on the Grid
Answers color-coded by a green-red scale on the quiz's grid according to % correct below.
Sevilla F. C.
F. C. Internazionale
Juventus F. C.
Liverpool F. C.
Atlético de Madrid
Borussia VfL Mönchengladbach
Tottenham Hotspur F. C.
Real Madrid C. F.
I. F. K. Göteborg
Parma F. C.
Feyenoord Rotterdam
F. C. Porto
Chelsea F. C.
Eintracht Frankfurt
R. S. C. Anderlecht
A. F. C. Ajax
Manchester United F. C.
Bayer Leverkusen
P. S. V. Eindhoven
Ipswich Town F. C.
S. S. C. Napoli
F. C. Bayern
F. C. Gelsenkirchen-Schalke
Galatasaray S. K.
Valencia C. F.
P. F. K. CSKA Moskvá
F. K. Zenit
F. K. Shajtar Donetsk
Villarreal C. F.
Atalanta B. C.
S. L. Benfica
Olympique de Marseille
Athletic Club
R. C. D. Espanyol
B. V. Borussia
Arsenal F. C.
Rangers F. C.
A. S. Roma
Wolverhampton Wanderers F. C.
F. C. Twente
Club Brugge K. V.
S. C. Bastia
F. K. Crvena Zvezda
Alkmaar Zaanstreek
Hamburger S. V.
Fehérvár FC
F. C. Köln
Dundee United F. C.
VfB Stuttgart
A. C. F. Fiorentina
Torino F. C.
F. C. Red Bull Salzburg
F. C. Girondins de Bordeaux
S. S. Lazio
Deportivo Alavés
Celtic F. C.
Sporting C. P.
Watford F. C.
S. V. Werder Bremen
Fulham F. C.
 
Estadísticas de respuestas
Respuesta % Correcto
Real Madrid C. F.
36%
Chelsea F. C.
34%
Atlético de Madrid
33%
Liverpool F. C.
33%
Manchester United F. C.
33%
Sevilla F. C.
33%
Juventus F. C.
29%
Villarreal C. F.
29%
Tottenham Hotspur F. C.
26%
F. C. Bayern
24%
F. C. Porto
24%
F. C. Internazionale
22%
A. F. C. Ajax
21%
Valencia C. F.
21%
Eintracht Frankfurt
17%
Atalanta B. C.
15%
S. S. C. Napoli
13%
Bayer Leverkusen
10%
F. K. Zenit
10%
Feyenoord Rotterdam
9%
F. K. Shajtar Donetsk
9%
Parma F. C.
9%
P. S. V. Eindhoven
9%
Galatasaray S. K.
8%
Borussia VfL Mönchengladbach
7%
I. F. K. Göteborg
5%
Ipswich Town F. C.
5%
P. F. K. CSKA Moskvá
5%
R. S. C. Anderlecht
5%
F. C. Gelsenkirchen-Schalke
3%
No se encontraron pruebas coincidentes
Distribución de puntuación
Porcentaje de gente con cada puntuación
Porcentaje por número respondido
Historial de tus puntuaciones
No has intentado esta prueba desde el último reinicio